| 000 | 00000nam##2200000za#4500 |
| 001 | 9.699728 |
| 003 | CaOODSP |
| 005 | 20210625000518 |
| 007 | cr ||||||||||| |
| 008 | 150407|1979||||xxc|||||o f|0| 0 eng|d |
| 040 | |aCaOODSP|beng |
| 043 | |an-cn--- |
| 086 | 1 |aCP32-35/1979-2E-PDF |
| 110 | 1 |aCanada. |bPrivy Council Office. |
| 245 | 14|aThe Task Force on Canadian Unity - A time to speak : |h[electronic resource]|bthe views of the public / |cJean-Luc Pepin and John P. Robarts, co-chairmen. |
| 246 | 1 |iVariant title : |aA time to speak : the views of the public |
| 260 | |aOttawa - Ontario : |bPrivy Council Office |cMarch 1979, reprinted 1980. |
| 300 | |a103, 131, 87p.|billus., photographs |
| 500 | |aHistorical publication digitized in 2008 by Privy Council Office of Canada. |
| 590 | |a15-04-Supp|b2015-03-19 |
| 690 | 07|aPublic opinion|2gcpds |
| 690 | 07|aCanadian identity|2gcpds |
| 690 | 07|aCommissions of inquiry|2gcpds |
| 690 | 07|aFederal provincial relations|2gcpds |
| 775 | 08|tLa Commission de l'unité canadienne - un temps pour parler|w(CaOODSP)9.643704 |
| 856 | 40|ahttp://publications.gc.ca|qPDF|s9.79 MB|uhttps://publications.gc.ca/collections/collection_2014/bcp-pco/CP32-35-1979-2-2-eng.pdf |
| 856 | 40|ahttp://publications.gc.ca|qPDF|s8.64 MB|uhttps://publications.gc.ca/collections/collection_2014/bcp-pco/CP32-35-1979-2-1-eng.pdf |
| 856 | 40|ahttp://publications.gc.ca|qPDF|s5.97 MB|uhttps://publications.gc.ca/collections/collection_2014/bcp-pco/CP32-35-1979-2-3-eng.pdf |